Appunti di teologia pastorale. (Record n. 37713)

Dettagli MARC
000 -LEADER
fixed length control field 02517nam a22001817a 4500
003 - CONTROL NUMBER IDENTIFIER
control field IT-RoPau
005 - DATE AND TIME OF LATEST TRANSACTION
control field 20220918175937.0
008 - FIXED-LENGTH DATA ELEMENTS--GENERAL INFORMATION
fixed length control field 130107b xxu||||| |||| 00| 0 eng d
040 ## - CATALOGING SOURCE
Transcribing agency IT-RoPau
100 ## - MAIN ENTRY--PERSONAL NAME
Personal name Alberione Giacomo
Fuller form of name Fondatore Famiglia Paolina
9 (RLIN) 111
245 ## - TITLE STATEMENT
Title Appunti di teologia pastorale.
Remainder of title Pratica del ministero sacerdotale per il giovane clero
250 ## - EDITION STATEMENT
Edition statement I
260 ## - PUBLICATION, DISTRIBUTION, ETC. (IMPRINT)
Place of publication, distribution, etc. Cinisello Balsamo
Name of publisher, distributor, etc. Società San Paolo - Casa Generalizia
Date of publication, distribution, etc. 2002
300 ## - PHYSICAL DESCRIPTION
Extent 431 p
Dimensions 21 cm
490 ## - SERIES STATEMENT
Series statement Opera Omnia
Volume/sequential designation I
520 ## - SUMMARY, ETC.
Summary, etc. SOMMARIO<br/><br/>Sigle e abbreviazioni<br/>Presentazione<br/>Avvertenze<br/><br/> APPUNTI DI <br/> TEOLOGIA PASTORALE<br/><br/>Frontespizio<br/>Dedica<br/>[Presentazione] (Card. Richelmy)<br/>Prefazione alla I Edizione<br/>Prefazione alla II Edizione<br/><br/> PUNTO DI PARTENZA<br/><br/>Capo Unico Il sacerdote<br/><br/> PRIMA PARTE<br/> DEI FONDAMENTI DELLO ZELO<br/><br/>Introduzione<br/>Capo I Della pietà in generale<br/>Capo II Le Pratiche di pietà<br/>Capo III I frutti della pietà - Virtù sacerdotali<br/>Capo IV Lo studio<br/>Capo V L' amministrazione dei beni materiali<br/><br/> PARTE SECONDA<br/> DELLA CURA PASTORALE<br/> E DEI SUOI MEZZI GENERALI<br/><br/>Preambolo<br/>Avvertenza<br/>Capo I Dell' azione pastorale in genere<br/>Capo II Norme del clero in generale per riguardo<br/> alla cura d'anime<br/>Capo III Relazioni del sacerdote<br/>Capo IV Dell' azione pastorale di alcuni sacerdoti<br/> <br/> PARTE TERZA<br/> DI ALCUNE OPERE PARTICOLARI<br/> PROPRIE DELLO ZELO SACERDOTALE<br/><br/>Capo I Confessione<br/>Capo II Della S. Comunione<br/>Capo III Funzioni<br/>Capo IV Predicazione<br/>Capo V Catechismo<br/>Capo VI Principali divozioni e compagnie da dif-<br/> fondersi dal Sacerdotale<br/>Capo VII Azione cattolica<br/>Capo VIII Opere particolari d' azione cattolica<br/>Capo IX Le vocazioni<br/>Capo X Organizzare feste<br/>Capo XI Costruzioni di chiese<br/><br/>INDICI<br/><br/>INDICE DELLE CITAZIONI BIBLICHE<br/>INDICE DEI DOCUMENTI DELLA CHIESA<br/>INDICE DEI PERIODICI E DELLE RIVISTE<br/>INDICE DELLA BIBLIOGRAFIA CITATA<br/>INDICE DEGLI AUTORI<br/>INDICE DELLE ASSOCIAZIONI<br/>INDICE DEI LUOGHI<br/>INDICE DEI NOMI DI PERSONA<br/>INDICE ANALITICO<br/>INDICE GENERALE<br/><br/>
942 ## - ADDED ENTRY ELEMENTS (KOHA)
Source of classification or shelving scheme Dewey Decimal Classification
Koha item type LIBRO
Dati di copia
Withdrawn status Lost status Source of classification or shelving scheme Damaged status Not for loan Home library Current library Date acquired Total Checkouts Full call number Date last seen Price effective from Koha item type
    Dewey Decimal Classification Buone Condizioni Not For Loan PAULUS-BIBLIOTECA PAULUS-BIBLIOTECA 07/01/2013   PA7 07/01/2013 07/01/2013 LIBRO
    Dewey Decimal Classification Buone Condizioni Not For Loan PAULUS-BIBLIOTECA PAULUS-BIBLIOTECA 07/01/2013   PA7 07/01/2013 07/01/2013 LIBRO
    Dewey Decimal Classification Buone Condizioni Not For Loan PAULUS-BIBLIOTECA PAULUS-BIBLIOTECA 07/01/2013   PA7 07/01/2013 07/01/2013 LIBRO
CREDITS: SOCIETA' SAN PAOLO Via A.Severo, 58 - ROMA (RM) & PERIODICI SAN PAOLO SRL Via Giotto, 36 MILANO & CISF Via Giotto, 36 MILANO & EDIZIONI SAN PAOLO SRL,  Piazza Soncino, 5 CINISELLO BALSAMO (MI) -- ITALY